000 00873nam a22002657a 4500
005 20170124105926.0
010 _aA-900046
020 _c68.00
_a8120901967
035 h _aA-900046
037 _bCen Lib/Ret
040 _aDPL
_bEN
082 _a330.954
_bDOS
_23rd rev ed.
100 _aDosajh, Chaman Lal
_96756
245 _aEvolution of indian economy :
_cby Chaman Lal Dosajh, Prem Chand [and] Ram Prakash Gupta
_bfor class xi /
246 _b
250 _a3rd rev rd.
260 _bPitamber Publishing company
_c1997
_aNew Delhi
270 _bNew Delhi
_a888, east park road, karol bagh
_e110005
300 _a313p.
_c23cm(Hb)
650 _aEconomics
_9117910
650 _aGrowth & development -- Indian economy
_997302
700 _aPrem Chand
_9117911
700 _aGupta, Ram Prakash
_937848
942 _2ddc
_cEN
_h330.954
_mDOS
999 _c123541
_d123541